| 000 | 00632nam a2200229 4500 | ||
|---|---|---|---|
| 003 | OSt | ||
| 005 | 20240626024747.0 | ||
| 006 | a | ||
| 008 | 240626b |||||||| |||| 00| 0 eng d | ||
| 020 | _a9780538743709 | ||
| 040 |
_aDWCL-Main lib. _cOC |
||
| 082 |
_2Sixth edition _aCirc. 070.41 B787c 2011 |
||
| 100 | _aBowles, Dorothy A. | ||
| 245 | _aCreative Editing / | ||
| 250 | _aSixth edition | ||
| 260 |
_aBoston: _bWadsworth, _cc2011. |
||
| 300 |
_axvi, _b412 p.:ill.; _c27cm. |
||
| 504 | _aIncludes index. | ||
| 650 | _a1. Journalism-Editing. | ||
| 650 | _a2. Editing. | ||
| 942 |
_2ddc _n0 _cBK-CIRC _eSixth edition _kCirc. |
||
| 999 |
_c1369 _d1369 |
||